Spanisch Vokabeln Unidad 4 / Texto B -> página 66 - Statistiken

Allgemein
  • Dieses Quiz wurde 122 mal gespielt
  • Das Durchschnittsergebnis liegt bei 8 aus 25
Antwortstatistiken
Deutsch Español % Korrekt
das Geld el dinero
84%
die Welt el mundo
77%
bitte por favor
66%
wissen, können saber
62%
der Flughafen el aeropuerto
55%
der nächste el próximo
53%
es tut mir leid lo siento
52%
kommen venir
51%
bis hasta
45%
etw. tun werden ir a + inf*
44%
noch einmal otra vez
43%
etw. kochen cocinar algo
39%
(etw.) entscheiden decidir algo
23%
vielleicht quizás
23%
Lust haben, etw. zu tun tener ganas de + inf*
22%
Schade! ¡Qué pena!
21%
wirklich, echt realmente
18%
Los!, Komm Schon! ¡Anda!
12%
der Kerl / die Frau / Typ el tío, la tía
9%
lieber (+inf) preferir + inf*
5%
Ach nee!, Sag bloß!, Laber! ¡No me digas!
4%
Wie doof! ¡Qué palo!
2%
Wie wäre es, wenn...? ¿Qué tal si?
2%
Cool!, Abgefahren!, Super! ¡Qué pasada!
1%
Das ist (der) Hammer! ¡Mola mongollón!
0%
Keine übereinstimmenden Quizze gefunden
Verteilung der Resultate
Anzahl Personen mit jedem Resultat
Perzentil nach korrekt beantworteten Fragen
Ihre Resultats-Entwicklung
Sie haben dieses Quiz noch nicht gespielt